000 00497nam a2200181Ia 4500
005 20250326142040.0
008 250326s9999 xx 000 0 und d
037 _aTextbook
040 _aFMSL
_beng
_cFMSL
041 _aeng
_2eng
084 _aX:8 M2
_qFMSL
100 _aStonich P J
_9745485
245 0 _aImplementing strategy: making strategy happens
_cStonich P J
260 _aUSA
_bUSA, Ballinger
_c1982
300 _a197p
942 _cTB
_hX:8 M2
999 _c1293198
_d1293198